000 00629nam a2200241 a 4500
001 nice12345678
003 IN_TiNIC
005 20260116012333.0
008 050524s1944 wasa grp 000 0 ara
020 _a
_c100
082 0 0 _a892.73
_bCAI
245 _aMukhtarat Min-Adabul Arabi
260 _aWashington
_bAmerican Council of Learned Societies
_c1944
300 _a370p
500 _aincludes index and biblioraphy
505 2 _aBibliography
650 _aArabic-Course Book
650 _aArabic-Literature
710 2 _aCommittee on Arabic & IslamicStudies
902 _bSRS
942 _cBK
999 _c6619
_d6619